[Event "Mistrzostwa Polski Juniorow Mlodszych do lat 12 - OOM Zachodniopomorskie 2023"]
[Site "Darlowek"]
[Date "1899-12-30"]
[Round "2.21"]
[White "Goralski, Mateusz"]
[Black "Pawlicz, Filip"]
[Result "0-1"]
[WhiteTitle "II"]
[BlackTitle "II"]
[WhiteElo "1341"]
[BlackElo "1429"]

1. e4 c5 2. Nf3 Nc6 3. d4 cxd4 4. Nxd4 g6 5. c4 Nf6 6. Nc3 Nxd4 7. Qxd4 d6 8. Bg5
Bg7 9. Qd2 Bd7 10. Bd3 a5 11. O-O a4 12. Bh6 O-O 13. Bxg7 Kxg7 14. Kh1 Qa5 15.
f4 Rac8 16. a3 Rc5 17. Rad1 Bg4 18. Be2 Be6 19. Qd4 Kg8 20. Nd5 Bxd5 21. cxd5
Nd7 22. Bd3 f6 23. h3 b5 24. Qb4 Qc7 25. Rfe1 Rb8 26. Qd4 Nb6 27. Qb4 Nc4 28.
Rc1 Ne5 29. Rxc5 dxc5 30. Qd2 Nxd3 31. Qxd3 Qxf4 32. Rf1 Qe5 33. Rf2 Kg7 34. Rc2
Qd6 35. Qe3 Rc8 36. b3 axb3 37. Qxb3 Rb8 38. Qc3 b4 39. Qxc5 bxa3 40. Qxd6 Rb1+
41. Kh2 exd6 42. Rc7+ Kf8 43. Ra7 Rb3 44. Rxh7 a2 45. Ra7 Rb2 46. Kg3 Ke8 47.
h4 Kd8 48. Kf4 Rxg2 49. h5 gxh5 50. Kf5 h4 51. Ke6 h3 52. Kxd6 Kc8 53. Ke7 Rg7+
0-1

[Event "Mistrzostwa Polski Juniorow Mlodszych do lat 12 - OOM Zachodniopomorskie 2023"]
[Site "Darlowek"]
[Date "1899-12-30"]
[Round "2.22"]
[White "Wasiluk, Dominik"]
[Black "Gorecki, Michal"]
[Result "0-1"]
[WhiteTitle "II+"]
[BlackTitle "II"]
[WhiteElo "1335"]
[BlackElo "1408"]

1. d4 d5 2. c4 c6 3. Nc3 Nf6 4. cxd5 cxd5 5. Bf4 Nc6 6. e3 e6 7. Bd3 Bd7 8. Rc1
Rc8 9. Nf3 Be7 10. O-O Nh5 11. Be5 f6 12. Ng5 g6 13. Nxh7 Nxe5 14. dxe5 f5 15.
Nf6+ Nxf6 16. exf6 Bxf6 17. Qb3 Bc6 18. Nb5 Be5 19. g3 Bb8 20. Nc3 Qg5 21. f4
Qh5 22. Rf2 g5 23. Ne2 gxf4 24. exf4 Bc7 25. Rg2 Bb6+ 26. Kh1 Kf7 27. Bb5 Bxb5
28. Rxc8 Rxc8 29. g4 Bxe2 0-1

[Event "Mistrzostwa Polski Juniorow Mlodszych do lat 12 - OOM Zachodniopomorskie 2023"]
[Site "Darlowek"]
[Date "1899-12-30"]
[Round "2.23"]
[White "Pekala, Dawid"]
[Black "Rabenda, Grzegorz"]
[Result "1-0"]
[WhiteTitle "I"]
[BlackTitle "II"]
[WhiteElo "1405"]
[BlackElo "1322"]

1. e4 c5 2. Nf3 Nc6 3. d4 cxd4 4. Nxd4 g6 5. c4 Bg7 6. Be3 Qb6 7. Nb3 Qd8 8. Nc3
Nf6 9. Be2 O-O 10. O-O d6 11. f4 b6 12. Bf3 Bb7 13. Rc1 Nd7 14. Nd4 Rc8 15. Nxc6
Bxc6 16. b4 Ba8 17. Qd3 Nb8 18. Bg4 Rc6 19. Rfd1 Na6 20. a3 Bb7 21. Nb5 Qb8 22.
Bd7 Rd8 23. Bxc6 Bxc6 24. Nd4 Ba4 25. Rd2 Rc8 26. Nf3 b5 27. c5 dxc5 28. bxc5
Qb7 29. f5 Bf8 30. Ne5 b4 31. Qc4 Bg7 32. Qxf7+ Kh8 33. Bd4 Rg8 34. Nxg6+ hxg6
35. Bxg7+ Rxg7 36. Rd8+ Kh7 37. fxg6+ Kh6 38. Rh8+ Kg5 39. Qf5# 1-0

[Event "Mistrzostwa Polski Juniorow Mlodszych do lat 12 - OOM Zachodniopomorskie 2023"]
[Site "Darlowek"]
[Date "1899-12-30"]
[Round "2.24"]
[White "Iwan, Patryk"]
[Black "Seemann, Adam"]
[Result "0-1"]
[WhiteTitle "II"]
[BlackTitle "II"]
[WhiteElo "1297"]
[BlackElo "1381"]

1. e4 c5 2. Nf3 Nc6 3. d4 cxd4 4. Nxd4 g6 5. Nc3 Bg7 6. Be3 Nf6 7. Bc4 O-O 8. Bb3
d6 9. f3 Bd7 10. h4 h5 11. Qd2 Kh7 12. O-O-O Rc8 13. Nxc6 bxc6 14. Bg5 c5 15.
e5 c4 16. exf6 exf6 17. Bf4 cxb3 18. axb3 Qa5 19. Na4 Bf5 20. c4 Qa6 21. Qc3 Rc6
22. Rd4 Be6 23. c5 dxc5 24. Rd2 c4 25. Rc2 Bf5 26. g4 Bxc2 27. gxh5 Bf5 28. hxg6+
Bxg6 29. h5 cxb3 30. hxg6+ Kxg6 31. Nc5 Qa1+ 32. Kd2 Qxh1 33. Qd3+ f5 34. Qd5
Qg2+ 35. Kd1 Qc2+ 36. Ke1 Re8+ 37. Kf1 Qe2+ 38. Kg1 Qe1+ 39. Kh2 Re2+ 0-1

[Event "Mistrzostwa Polski Juniorow Mlodszych do lat 12 - OOM Zachodniopomorskie 2023"]
[Site "Darlowek"]
[Date "1899-12-30"]
[Round "2.25"]
[White "Sakharchuk, Aliaksandr"]
[Black "Szymczyk, Jan"]
[Result "1-0"]
[WhiteTitle "II+"]
[BlackTitle "II"]
[WhiteElo "1378"]
[BlackElo "1269"]

1. e4 c5 2. Nf3 Nc6 3. b4 cxb4 4. d4 d5 5. exd5 Qxd5 6. c4 bxc3 7. Nxc3 Qa5 8.
Bd2 Qd8 9. d5 Nb8 10. Bc4 Nf6 11. O-O g6 12. Bf4 Bg7 13. Nb5 O-O 14. d6 exd6 15.
Bxd6 Re8 16. Bxf7+ Kxf7 17. Ng5+ Kg8 18. Qb3+ Be6 19. Nxe6 Qd7 20. Ng5+ Kh8 21.
Nf7+ Kg8 22. Ne5+ Qe6 23. Nc7 Qxb3 24. axb3 Nfd7 25. Nxe8 Bxe5 26. Bxe5 Nxe5 27.
Nc7 1-0

[Event "Mistrzostwa Polski Juniorow Mlodszych do lat 12 - OOM Zachodniopomorskie 2023"]
[Site "Darlowek"]
[Date "1899-12-30"]
[Round "2.26"]
[White "Kucinski, Jan"]
[Black "Mielcuch, Karol"]
[Result "0-1"]
[WhiteTitle "II"]
[BlackTitle "II"]
[WhiteElo "1116"]
[BlackElo "1363"]

1. e4 c5 2. f4 Nc6 3. Nf3 e6 4. Bb5 Nge7 5. O-O g6 6. e5 a6 7. Bxc6 Nxc6 8. Nc3
d6 9. Ne4 Be7 10. d4 cxd4 11. Nxd4 d5 12. Ng3 Nxd4 13. Qxd4 Bd7 14. f5 Rc8 15.
b4 Rc4 16. Qb2 Rxb4 17. Qc3 d4 18. Qd3 Bb5 19. Qf3 Bxf1 20. fxe6 fxe6 21. Qxf1
Rf8 22. Qe2 d3 23. cxd3 Qd4+ 24. Be3 Qxa1+ 25. Nf1 Rxf1+ 26. Qxf1 Rb1 0-1

[Event "Mistrzostwa Polski Juniorow Mlodszych do lat 12 - OOM Zachodniopomorskie 2023"]
[Site "Darlowek"]
[Date "1899-12-30"]
[Round "3.1"]
[White "Rozanski, Mateusz"]
[Black "Chiszko, Oskar"]
[Result "1-0"]
[WhiteTitle "I"]
[BlackTitle "I"]
[WhiteElo "1693"]
[BlackElo "1895"]

1. e4 c6 2. d4 d5 3. Nc3 dxe4 4. Nxe4 Bf5 5. Ng3 Bg6 6. Nf3 Nd7 7. h4 h6 8. h5
Bh7 9. Bd3 Bxd3 10. Qxd3 e6 11. Bd2 Ngf6 12. O-O-O Be7 13. Kb1 O-O 14. Ne4 Ng4
15. Qe2 Qb6 16. Rhe1 c5 17. Bc3 cxd4 18. Nxd4 Ngf6 19. Nb3 Nxe4 20. Qxe4 Nf6 21.
Qf3 Rfd8 22. Rxd8+ Bxd8 23. Bd4 Qb5 24. g4 a5 25. a4 Qd5 26. Qe2 Rc8 27. f3 Qc6
28. Bxf6 Bxf6 29. Qe4 b6 30. Qxc6 Rxc6 31. Nd2 Bh4 32. Rh1 Be7 33. c3 f5 34. Kc2
Bg5 35. Nb3 fxg4 36. fxg4 Rc4 37. Nd4 e5 38. b3 Rc8 39. Nf5 Re8 40. Re1 Re6 41.
Kd3 Kf7 42. Ke4 Bd2 43. Rd1 Bxc3 44. Rd7+ Kf8 45. Nxg7 Rf6 46. Nf5 Bb4 47. Rc7
Ba3 48. Kxe5 Bb2+ 49. Kd5 Kg8 50. Rc8+ Kf7 51. Nd6+ Ke7 52. Rc7+ Kd8 53. Kc6 Rxd6+
54. Kxd6 Be5+ 55. Kxe5 Kxc7 56. g5 1-0

[Event "Mistrzostwa Polski Juniorow Mlodszych do lat 12 - OOM Zachodniopomorskie 2023"]
[Site "Darlowek"]
[Date "1899-12-30"]
[Round "3.2"]
[White "Witczak, Borys"]
[Black "Kaszuba, Michal"]
[Result "1-0"]
[WhiteTitle "I"]
[BlackTitle "II+"]
[WhiteElo "1874"]
[BlackElo "1527"]

1. e4 c5 2. Nf3 g6 3. d4 cxd4 4. Nxd4 Nc6 5. Nc3 Bg7 6. Be3 Nf6 7. Nxc6 bxc6 8.
e5 Ng8 9. Bd4 Nh6 10. e6 f6 11. Qf3 d5 12. O-O-O Nf5 13. Bc5 Bxe6 14. Re1 Qd7
15. Bd3 Nd6 16. Qg3 Kf7 17. h4 f5 18. f3 Bh6+ 19. Kb1 f4 20. Qf2 Bf5 21. h5 Bg5
22. g4 Bxd3 23. cxd3 Bf6 24. Bd4 g5 25. Na4 Qb7 26. Nc5 Qb4 27. Bxf6 exf6 28.
a3 Qb6 29. Re6 Nb5 30. Rxf6+ Kg7 31. h6+ Kxf6 32. Nd7+ Kf7 33. Nxb6 axb6 34. Rh5
Rhg8 35. a4 Rxa4 36. Qxb6 Re8 37. Rh1 Rc8 38. Re1 Rb4 39. Qc5 Rc7 40. Qxb4 Rb7
41. Qc5 Rc7 42. Qb6 Kf6 43. Qb8 Kf7 44. Qe8+ 1-0

[Event "Mistrzostwa Polski Juniorow Mlodszych do lat 12 - OOM Zachodniopomorskie 2023"]
[Site "Darlowek"]
[Date "1899-12-30"]
[Round "3.3"]
[White "Dobrowolski, Kamil"]
[Black "Karaszewski, Gabriel"]
[Result "0-1"]
[WhiteTitle "II"]
[BlackTitle "I"]
[WhiteElo "1532"]
[BlackElo "1769"]

1. d4 Nf6 2. c4 e6 3. Nc3 Bb4 4. e3 O-O 5. a3 Bxc3+ 6. bxc3 b6 7. Bd3 Bb7 8. f3
d6 9. Ne2 Nbd7 10. O-O e5 11. e4 c5 12. d5 Ne8 13. Ng3 g6 14. Bh6 Ng7 15. Qd2
Qe7 16. Rf2 f6 17. Raf1 Rf7 18. Qc2 Qd8 19. Kh1 Qc7 20. Qd2 Raf8 21. Qc2 Bc8 22.
Qe2 Nb8 23. Qc2 Qe7 24. Qd2 Kh8 25. Re1 f5 26. exf5 gxf5 27. Qc2 Qh4 28. Qd2 f4
29. Bxg7+ Rxg7 30. Ne4 Rg6 31. Qe2 Rf5 32. Nxd6 Rh5 33. Nf7+ Kg7 34. h3 Rg3 35.
Bf5 Bxf5 36. Qxe5+ Kxf7 37. Qe8+ Kf6 38. Qe7+ Kg6 39. Qe8+ Kh6 40. Qf8+ Rg7 41.
Qd6+ Bg6 42. Rfe2 Nd7 43. Re7 Rg5 44. R1e2 Rxe7 45. Qxe7 Bf5 46. d6 Qg3 0-1

[Event "Mistrzostwa Polski Juniorow Mlodszych do lat 12 - OOM Zachodniopomorskie 2023"]
[Site "Darlowek"]
[Date "1899-12-30"]
[Round "3.4"]
[White "Jasiulewicz, Kamil"]
[Black "Golis, Wiktor"]
[Result "0-1"]
[WhiteTitle "II"]
[BlackTitle "I++"]
[WhiteElo "1486"]
[BlackElo "2046"]

1. d4 d5 2. Nf3 e6 3. g3 Nf6 4. Bg2 c5 5. O-O Nc6 6. b3 Be7 7. Bb2 O-O 8. e3 cxd4
9. Nxd4 Nxd4 10. Bxd4 Qc7 11. Nd2 e5 12. Bb2 Bf5 13. Rc1 Rad8 14. c4 dxc4 15.
e4 Nxe4 16. Rxc4 Nc5 17. Qe2 Bd3 18. Qe3 Bxc4 19. Bxe5 Bd6 20. Bxd6 Qxd6 21. Nxc4
Qd4 22. Qe7 Rd7 23. Qg5 Ne6 24. Qh5 Qc5 25. Qf3 b5 26. Ne3 Rd2 27. a4 bxa4 28.
bxa4 Ra2 29. Nd5 Rxa4 30. Re1 Rd8 31. Rd1 Rd4 32. Rxd4 Nxd4 33. Qe3 Kf8 34. Qe4
Re8 35. Qb1 Ne2+ 36. Kf1 Qc1+ 37. Qxc1 Nxc1 0-1

[Event "Mistrzostwa Polski Juniorow Mlodszych do lat 12 - OOM Zachodniopomorskie 2023"]
[Site "Darlowek"]
[Date "1899-12-30"]
[Round "3.5"]
[White "Radzimski, Antoni"]
[Black "Boryna, Szymon"]
[Result "1/2-1/2"]
[WhiteTitle "I++"]
[BlackTitle "II+"]
[WhiteElo "1960"]
[BlackElo "1478"]

1. e4 e6 2. Qe2 c5 3. Nf3 Nc6 4. g3 g6 5. Bg2 Bg7 6. O-O Nge7 7. c3 O-O 8. Rd1
e5 9. d3 d5 10. Na3 d4 11. Nc2 b6 12. Bd2 a5 13. a3 Ba6 14. c4 Bxc4 15. dxc4 d3
16. Qe3 dxc2 17. Rdc1 Nd4 18. Nxd4 Qxd4 19. Rxc2 Rfd8 20. Qe1 Qd3 21. Rac1 Nc6
22. Bf1 Qd7 23. Be3 Qg4 24. Bg2 Nd4 25. Bxd4 Rxd4 26. Rd2 Rad8 27. Rxd4 Rxd4 28.
h3 Qd7 29. b3 Bh6 30. Rb1 a4 31. Kh2 axb3 32. Rxb3 Rxc4 33. Rxb6 Rc1 34. Rb8+
Kg7 35. Qa5 Qd1 36. h4 Bf4 37. Qa8 Qg4 38. Rg8+ Kh6 39. Qf8+ Kh5 40. Qe7 Rc3 41.
gxf4 Qxf4+ 42. Kg1 Rc1+ 43. Bf1 Qg4+ 44. Kh2 Rxf1 45. Qxe5+ f5 46. Qg3 fxe4 47.
Re8 Qxh4+ 48. Qxh4+ Kxh4 49. Rxe4+ Kg5 50. Kg3 Ra1 51. Re5+ Kh6 52. Rxc5 Rxa3+
53. Kg4 Ra4+ 54. f4 Ra7 55. Rb5 Kg7 56. Rc5 Rf7 57. Ra5 Rb7 1/2-1/2

[Event "Mistrzostwa Polski Juniorow Mlodszych do lat 12 - OOM Zachodniopomorskie 2023"]
[Site "Darlowek"]
[Date "1899-12-30"]
[Round "3.6"]
[White "Rutkowski, Feliks"]
[Black "Brzezina, Piotr"]
[Result "0-1"]
[WhiteTitle "II"]
[BlackTitle "I"]
[WhiteElo "1413"]
[BlackElo "1956"]

1. e4 e5 2. Nf3 Nc6 3. Bc4 Bc5 4. d3 Nf6 5. c3 d6 6. O-O O-O 7. Nbd2 h6 8. h3 a5
9. a4 Be6 10. Qb3 Qd7 11. Bxe6 fxe6 12. Re1 Nh5 13. Nf1 Qe8 14. Qd1 Qg6 15. Be3
Nf4 16. Ng3 Qf6 17. Bxc5 dxc5 18. Re3 Rad8 19. Qc2 Rd7 20. Rd1 Rfd8 21. Rd2 Ne7
22. Ne2 Neg6 23. Ng3 b6 24. Nf1 Qe7 25. b3 Rd6 26. Ng3 R8d7 27. Nf1 Qd8 28. Ne1
h5 29. Ng3 Kh7 30. Nf1 Kh6 31. Ng3 Ne7 32. Nf1 Neg6 33. Ng3 Kh7 34. Nf1 Qg5 35.
Rg3 Qf6 36. Re3 Qd8 37. Ng3 Kg8 38. Nf1 Qe7 39. Ng3 h4 40. Nf1 Qg5 41. Kh1 Nh8
42. Nh2 Nf7 43. Ng4 Qd8 44. Nh2 Ng6 45. Ng4 Nh6 46. Nh2 Kh7 47. Nhf3 Nf7 48. Nh2
Qg5 49. Nhf3 Qd8 50. Nh2 Nh6 51. Nhf3 Kg8 52. Kg1 Kh8 53. Kh1 Kh7 54. Kg1 Ng8
55. Kh1 Kh6 56. Nh2 Nf6 57. Kg1 Kh7 58. Kh1 Qa8 59. Nhf3 Kh6 60. Kg1 Qb7 61. Kh1
Nh5 62. Nh2 Nf6 63. Nhf3 Kh7 64. Kg1 Kh6 65. Kh1 Rd8 66. Qb1 b5 67. Rb2 Rb6 68.
Qc1 bxa4 69. bxa4 Rb8 70. Rxb6 Qxb6 71. Ng5 Nf4 72. Nf7+ Kh7 73. Nxe5 Qb1 74.
Qxb1 Rxb1 75. Nc4 Nxd3 76. Rxd3 Rxe1+ 77. Kh2 Nxe4 78. Nxa5 Nxf2 79. Rf3 Rh1#
0-1

[Event "Mistrzostwa Polski Juniorow Mlodszych do lat 12 - OOM Zachodniopomorskie 2023"]
[Site "Darlowek"]
[Date "1899-12-30"]
[Round "3.7"]
[White "Zawal, Krzysztof"]
[Black "Ochedzan, Filip"]
[Result "0-1"]
[WhiteTitle "I"]
[BlackTitle "I"]
[WhiteElo "1462"]
[BlackElo "1856"]

1. e4 c5 2. Nf3 d6 3. Bb5+ Nd7 4. d4 cxd4 5. Qxd4 a6 6. Bxd7+ Bxd7 7. Nc3 e5 8.
Qd3 h6 9. Nd2 Rc8 10. Nc4 Be6 11. Ne3 Nf6 12. O-O Be7 13. Rd1 O-O 14. a4 Qc7 15.
Bd2 Rfd8 16. Be1 Qc6 17. a5 Rd7 18. Ncd5 Bxd5 19. exd5 Qc7 20. c4 Rdd8 21. b4
Nd7 22. Rdc1 Re8 23. f3 Bg5 24. Rc2 e4 25. fxe4 Ne5 26. Qe2 Bxe3+ 27. Qxe3 f5
28. exf5 Qf7 29. Qd4 Qxf5 30. Rc3 Nf7 31. Rf3 Qe5 32. Rd3 Rxc4 33. Qxe5 Rxe5 34.
Bc3 Re2 35. Rad1 Rc2 36. Be1 Re4 37. Kf1 Rf4+ 38. Kg1 Re2 39. h3 Ne5 40. Rc3 Nc4
41. g3 Rfe4 42. Bf2 Rb2 43. Rdc1 Ree2 44. Rxc4 Rxf2 45. Rc8+ Kh7 46. Rd8 Rg2+
47. Kh1 Rh2+ 48. Kg1 Rbg2+ 49. Kf1 Rxg3 50. Rxd6 Rb3 51. Kg1 Rd2 52. Rb6 Rg3+
53. Kh1 Rxh3+ 54. Kg1 Rxd5 55. Rxb7 Rb3 56. Rcc7 Rg5+ 57. Kf2 h5 58. Rc4 Rxa5
59. Rxg7+ Kxg7 60. bxa5 Rb5 61. Ra4 Kf6 62. Kg3 Ke5 63. Kh4 Kd6 64. Ra1 Rc5 65.
Rd1+ Kc6 66. Ra1 Kb5 67. Rb1+ Kxa5 68. Rb2 Rb5 69. Ra2+ Kb6 70. Ra1 a5 71. Ra2
Rf5 72. Rb2+ Kc5 73. Rb3 a4 74. Re3 Kd4 75. Ra3 Ra5 76. Ra1 a3 77. Rd1+ Kc3 78.
Rd8 a2 79. Rc8+ Kb4 80. Rb8+ Ka4 0-1

[Event "Mistrzostwa Polski Juniorow Mlodszych do lat 12 - OOM Zachodniopomorskie 2023"]
[Site "Darlowek"]
[Date "1899-12-30"]
[Round "3.8"]
[White "Obrycki, Tomasz"]
[Black "Smolinski, Wojciech"]
[Result "1-0"]
[WhiteTitle "I"]
[BlackTitle "II"]
[WhiteElo "1786"]
[BlackElo "1439"]

1. e4 c5 2. Nf3 d6 3. d4 cxd4 4. Qxd4 Nc6 5. Qe3 Nf6 6. c4 e6 7. Nc3 Be7 8. Be2
d5 9. exd5 exd5 10. cxd5 Nxd5 11. Nxd5 Qxd5 12. O-O O-O 13. Rd1 Qc5 14. Qxc5 Bxc5
15. Bf4 Re8 16. Bb5 Bg4 17. h3 Bxf3 18. gxf3 Rac8 19. Rd5 Bb6 20. Kg2 a6 21. Bf1
Rcd8 22. Rad1 Rxd5 23. Rxd5 Rd8 24. Bc4 Ne7 25. Rxd8+ Bxd8 26. Kf1 b5 27. Bd3
Nd5 28. Bd2 Bf6 29. Be4 Nc7 30. b3 Ne6 31. Bb7 Nc5 32. Bc8 Be7 33. Ke2 Bf6 34.
b4 Na4 35. Kd3 Nb2+ 36. Kc2 Nc4 37. Bxa6 Be7 38. Bc3 Nd6 39. a3 f6 40. Kb3 Kf7
41. Bd4 Kg6 42. Bc5 Kh5 43. Bxd6 Bxd6 44. Bxb5 g6 45. a4 Kh4 46. Bf1 f5 47. a5
g5 48. b5 g4 49. fxg4 fxg4 50. hxg4 Kxg4 51. Kc4 1-0

[Event "Mistrzostwa Polski Juniorow Mlodszych do lat 12 - OOM Zachodniopomorskie 2023"]
[Site "Darlowek"]
[Date "1899-12-30"]
[Round "3.9"]
[White "Perucki, Maciej"]
[Black "Wons, Krystian"]
[Result "1-0"]
[WhiteTitle "I"]
[BlackTitle "I"]
[WhiteElo "1526"]
[BlackElo "1422"]

1. e4 c5 2. Nf3 Nc6 3. c3 Nf6 4. Qc2 d5 5. e5 Nd7 6. Bb5 Qb6 7. Ba4 e6 8. O-O Be7
9. Rd1 O-O 10. d4 Qa5 11. Na3 c4 12. Bxc6 bxc6 13. b4 Qb6 14. Rb1 Ba6 15. h4 Bb5
16. Nxb5 cxb5 17. Ng5 g6 18. g3 a5 19. a3 axb4 20. axb4 Ra4 21. Qe2 Bxg5 22. Bxg5
Rfa8 23. Qe3 Ra2 24. h5 Rc2 25. Rd2 Rxd2 26. Qxd2 Qa6 27. Kg2 Qa2 28. Rb2 Qa1
29. Bf6 Nxf6 30. exf6 Kf8 31. hxg6 hxg6 32. Qh6+ Ke8 33. Re2 Qd1 34. Rxe6+ fxe6
35. Qg7 Ra7 36. Qxa7 1-0

[Event "Mistrzostwa Polski Juniorow Mlodszych do lat 12 - OOM Zachodniopomorskie 2023"]
[Site "Darlowek"]
[Date "1899-12-30"]
[Round "3.10"]
[White "Wojciechowski, Szymon"]
[Black "Czeremcha, Piotr"]
[Result "1/2-1/2"]
[WhiteTitle "II+"]
[BlackTitle "II"]
[WhiteElo "1479"]
[BlackElo "1382"]

1. e4 e6 2. d4 d5 3. e5 c5 4. c3 Qb6 5. a3 Nc6 6. Nf3 cxd4 7. cxd4 Nge7 8. b4 Nf5
9. Be3 Bd7 10. Be2 Be7 11. O-O O-O 12. Nc3 a6 13. Na4 Qa7 14. Nc5 Nxe3 15. fxe3
Bxc5 16. bxc5 Ne7 17. Bd3 g6 18. Rb1 Bb5 19. Bxb5 axb5 20. Rxb5 Qxa3 21. Qb3 Qxb3
22. Rxb3 Ra7 23. Rfb1 Rb8 24. Rb6 Nc8 25. R6b5 Kf8 26. Kf2 Ke7 27. h4 h6 28. Nh2
Kd8 29. Ng4 h5 30. Nf6 b6 31. Kf3 Rab7 32. Kf4 Kc7 33. Ne8+ Kc6 34. Nd6 Nxd6 35.
cxd6 Ra8 36. Kg5 Ra2 37. Kf6 Rf2+ 38. Kg7 f6+ 39. Kxg6 fxe5 40. dxe5 Rf5 41. e4
Rxe5 42. Kf6 Rxe4 43. Rxb6+ 1/2-1/2

[Event "Mistrzostwa Polski Juniorow Mlodszych do lat 12 - OOM Zachodniopomorskie 2023"]
[Site "Darlowek"]
[Date "1899-12-30"]
[Round "3.11"]
[White "Gibala, Adam"]
[Black "Seemann, Adam"]
[Result "0-1"]
[WhiteTitle "I"]
[BlackTitle "II"]
[WhiteElo "1915"]
[BlackElo "1381"]

1. e4 c5 2. Nf3 Nc6 3. d4 cxd4 4. Nxd4 g6 5. c4 Nf6 6. Nc3 d6 7. Be2 Nxd4 8. Qxd4
Bg7 9. Be3 O-O 10. Qd2 a5 11. f3 a4 12. Kf2 Qa5 13. Rhc1 Bd7 14. Rab1 Rfc8 15.
b4 axb3 16. axb3 Qb4 17. Nd5 Nxd5 18. exd5 Qxd2 19. Bxd2 Bf5 20. Be3 Bxb1 21.
Rxb1 Ra1 22. Rxa1 Bxa1 23. b4 Bc3 24. b5 Bb4 25. f4 Bc5 26. g4 Bxe3+ 27. Kxe3
b6 28. g5 Kg7 29. h4 h6 30. Kd4 hxg5 31. hxg5 f6 32. Bd3 Rh8 33. Be2 Rh2 34. Bf3
Rh3 35. Ke3 Rh8 36. Be2 Rh5 37. Kf2 fxg5 38. Bxh5 gxh5 39. fxg5 Kg6 40. Kg3 Kxg5
41. c5 dxc5 42. d6 exd6 0-1

[Event "Mistrzostwa Polski Juniorow Mlodszych do lat 12 - OOM Zachodniopomorskie 2023"]
[Site "Darlowek"]
[Date "1899-12-30"]
[Round "3.12"]
[White "Rajbharath, Harjith"]
[Black "Sakharchuk, Aliaksandr"]
[Result "0-1"]
[WhiteTitle "II"]
[BlackTitle "II+"]
[WhiteElo "1477"]
[BlackElo "1378"]

1. d4 d5 2. c4 c6 3. cxd5 cxd5 4. Bf4 Nc6 5. e3 Bf5 6. Nc3 e6 7. Nf3 Nf6 8. Be2
Bd6 9. Bxd6 Qxd6 10. O-O O-O 11. Nh4 Bg6 12. Nxg6 fxg6 13. f4 a6 14. a3 b5 15.
b4 Rac8 16. Rc1 Ne7 17. Qd3 Qd7 18. h3 Nf5 19. Kh2 Rc6 20. g4 Nd6 21. Nb1 Rfc8
22. Rxc6 Qxc6 23. Rd1 Nfe4 24. Kg2 Qc2 25. Kf3 Kf7 26. Nd2 Rc3 27. Qxc2 Rxc2 28.
Nb3 Ke7 29. Rc1 Rb2 30. Nc5 Nxc5 31. Rxc5 Kd7 32. Rc3 Ne4 33. Rd3 Ra2 34. g5 Kd6
35. h4 Kd7 36. Bd1 Nf2 37. Bb3 Rb2 38. Rc3 Ne4 39. Rd3 Rxb3 40. Rxb3 Nd2+ 41.
Ke2 Nxb3 42. Kd3 a5 43. Kc2 a4 44. Kd3 h6 45. Kc2 hxg5 46. hxg5 e5 47. dxe5 Na1+
48. Kb2 d4 49. e4 d3 50. Kc3 Nc2 51. Kxd3 Nxa3 52. f5 Nc4 53. e6+ Kd6 54. Kc3
gxf5 55. exf5 Ne3 56. Kb2 0-1

[Event "Mistrzostwa Polski Juniorow Mlodszych do lat 12 - OOM Zachodniopomorskie 2023"]
[Site "Darlowek"]
[Date "1899-12-30"]
[Round "3.13"]
[White "Mielcuch, Karol"]
[Black "Staniczek, Kacper"]
[Result "1-0"]
[WhiteTitle "II"]
[BlackTitle "I"]
[WhiteElo "1363"]
[BlackElo "1464"]

1. c4 e6 2. g3 d5 3. Nf3 c5 4. cxd5 exd5 5. d4 Nc6 6. Bg2 c4 7. b3 cxb3 8. Qxb3
Nf6 9. O-O Be7 10. Be3 O-O 11. Ne5 Na5 12. Qd3 Be6 13. Nc3 Rc8 14. Rac1 Nc4 15.
Nxc4 Rxc4 16. Bf4 Qa5 17. Nxd5 Nxd5 18. Rxc4 Nxf4 19. gxf4 Bxc4 20. Qxc4 b5 21.
Qb3 Bd6 22. e3 Rc8 23. Rb1 Qb6 24. Bd5 Kf8 25. Bxf7 Be7 26. Bh5 g6 27. Bg4 Rc7
28. Qd5 a6 29. Qe5 Bf6 30. Qe4 Qa5 31. Qa8+ Kg7 32. Be6 Rc2 33. Qg8+ Kh6 34. Qf8+
Bg7 35. Qe7 Bh8 36. Bg8 1-0

[Event "Mistrzostwa Polski Juniorow Mlodszych do lat 12 - OOM Zachodniopomorskie 2023"]
[Site "Darlowek"]
[Date "1899-12-30"]
[Round "3.14"]
[White "Ches, Krzysztof"]
[Black "Kisiel, Wiktor"]
[Result "0-1"]
[WhiteTitle "II"]
[BlackTitle "II"]
[WhiteElo "1346"]
[BlackElo "1458"]

1. e4 c5 2. Nf3 e6 3. d4 cxd4 4. Nxd4 Nc6 5. Nc3 Qc7 6. g3 a6 7. Bg2 Nf6 8. O-O
Nxd4 9. Qxd4 Bc5 10. Qd3 O-O 11. Be3 d6 12. a4 Ng4 13. Bxc5 Qxc5 14. h3 Ne5 15.
Qe2 Rb8 16. Kh2 b5 17. axb5 axb5 18. f4 Nc4 19. Nd1 d5 20. b3 Nd6 21. Nf2 Bb7
22. Rfe1 Rfc8 23. Ra2 dxe4 24. Nxe4 Nxe4 25. Bxe4 Bxe4 26. Qxe4 Qf2+ 27. Kh1 Qxg3
28. Qe3 Rc3 29. Qxg3 Rxg3 30. Kh2 Rc3 31. Re5 g6 32. h4 Rf3 33. Re4 Rd8 34. c4
Rxb3 35. cxb5 Rxb5 36. Re3 Kg7 37. Kg3 Rbd5 38. Ra4 Rd3 39. Rxd3 Rxd3+ 40. Kg2
Kf6 41. Ra7 Re3 42. Ra5 h6 43. h5 e5 44. hxg6 fxg6 45. fxe5+ Rxe5 46. Ra8 Kg5
47. Ra4 h5 48. Kg3 Rf5 49. Rb4 h4+ 50. Kg2 Rf4 51. Rb5+ Kg4 52. Rb6 g5 53. Rb3
h3+ 54. Kg1 Rf3 55. Rb1 Kg3 56. Kh1 g4 57. Ra1 Re3 58. Rf1 Rd3 59. Rg1+ Kh4 60.
Kh2 g3+ 61. Kh1 Rd2 62. Rg2 Rd1+ 63. Rg1 Rxg1+ 0-1

[Event "Mistrzostwa Polski Juniorow Mlodszych do lat 12 - OOM Zachodniopomorskie 2023"]
[Site "Darlowek"]
[Date "1899-12-30"]
[Round "3.15"]
[White "Morozov, Artem"]
[Black "Boguszewski, Kacper"]
[Result "1-0"]
[WhiteTitle "II+"]
[BlackTitle "II"]
[WhiteElo "1452"]
[BlackElo "1275"]

1. e4 c5 2. Nf3 d6 3. Bb5+ Bd7 4. c4 Nf6 5. Nc3 e6 6. d4 cxd4 7. Qxd4 Be7 8. O-O
Nc6 9. Qd3 O-O 10. h3 a6 11. Bxc6 Bxc6 12. Nd4 Qc7 13. Rd1 Rfd8 14. Nxc6 Qxc6
15. Qe2 Rac8 16. b3 b5 17. Ba3 bxc4 18. e5 Ne8 19. Rac1 Bg5 20. Rc2 cxb3 21. axb3
d5 22. h4 Bh6 23. Nxd5 Qb7 24. Rxc8 Rxc8 25. Ne7+ Kh8 26. Nxc8 Qxc8 27. Qd3 g5
28. Qd8 Qc6 29. Qd7 Qxd7 30. Rxd7 Kg7 31. Re7 1-0

[Event "Mistrzostwa Polski Juniorow Mlodszych do lat 12 - OOM Zachodniopomorskie 2023"]
[Site "Darlowek"]
[Date "1899-12-30"]
[Round "3.16"]
[White "Pawlicz, Filip"]
[Black "Reterski, Wiktor"]
[Result "1/2-1/2"]
[WhiteTitle "II"]
[BlackTitle "II"]
[WhiteElo "1429"]
[BlackElo "1247"]

1. c4 e5 2. g3 Nf6 3. Bg2 Nc6 4. Nc3 Bc5 5. e3 d6 6. Nge2 a6 7. O-O Be6 8. b3 Ba7
9. d4 Bf5 10. a3 O-O 11. b4 Rb8 12. Bb2 Re8 13. Nd5 exd4 14. Nxd4 Bxd4 15. Bxd4
Nxd4 16. Qxd4 Nxd5 17. cxd5 Qe7 18. Rac1 Rbc8 19. e4 Bd7 20. Rfe1 c6 21. Red1
cxd5 22. Rxc8 Rxc8 23. Qxd5 Bb5 24. h3 Kf8 25. Qxd6 Qxd6 26. Rxd6 Rc1+ 27. Kh2
Rc2 28. Kg1 Rc1+ 29. Kh2 Rc2 30. Kg1 Rc1+ 1/2-1/2

[Event "Mistrzostwa Polski Juniorow Mlodszych do lat 12 - OOM Zachodniopomorskie 2023"]
[Site "Darlowek"]
[Date "1899-12-30"]
[Round "3.17"]
[White "Gorecki, Michal"]
[Black "Golab, Antoni"]
[Result "1-0"]
[WhiteTitle "II"]
[BlackTitle "II"]
[WhiteElo "1408"]
[BlackElo "1215"]

1. e4 c5 2. Nc3 d6 3. f4 Nc6 4. Nf3 g6 5. Bc4 Bg7 6. O-O e6 7. d3 Nge7 8. Qe1 Nd4
9. Nxd4 Bxd4+ 10. Kh1 Bg7 11. Rf3 O-O 12. a4 d5 13. Bb3 dxe4 14. dxe4 b6 15. Bd2
Nc6 16. Be3 Nd4 17. Bxd4 Bxd4 18. Rd1 Qe7 19. Rfd3 Ba6 20. Nb5 Bxb5 21. axb5 Bxb2
22. Rd7 Qf6 23. Qd2 Bc3 24. Qd3 Bb4 25. g3 e5 26. c3 Ba5 27. Rd6 Qg7 28. Bd5 Rac8
29. c4 exf4 30. gxf4 Qc3 31. Qe2 Kg7 32. Bc6 Qb3 33. f5 Bc3 34. e5 Bd4 35. e6
Rcd8 36. Rxd8 Rxd8 37. e7 Rc8 38. e8=Q Rxe8 39. Bxe8 Qh3 40. fxg6 hxg6 41. Rf1
f5 42. Qg2 Qh5 43. Bd7 Kh7 44. Bc6 Be5 45. Bf3 Qh4 46. Bd5 Bd6 47. Bf7 Qh6 48.
Rg1 g5 49. Bd5 Qh4 50. Ra1 Bb8 51. Be6 Kh6 52. Bxf5 g4 53. Bxg4 Qg5 54. Re1 Qf4
55. Rf1 Qxc4 56. Rf6+ Kg5 57. Be2+ Kxf6 58. Bxc4 Ke5 59. Qg3+ Kd4 60. Qxb8 Kxc4
61. h4 Kxb5 62. Qxa7 c4 63. h5 c3 64. h6 c2 65. Qa1 Kc4 66. h7 Kd3 67. h8=Q c1=N
68. Qxc1 Ke2 69. Qh3 b5 70. Qc2+ Ke1 71. Qg3+ Kf1 72. Qd1# 1-0